|
|
|
|
| LEADER |
00000nab a2200000 a 4500 |
| 001 |
vtls008698924 |
| 003 |
SK-MaSNL |
| 005 |
20260304144548.0 |
| 008 |
250505c2005 xo mr|p|||||||000 b|slo |
| 015 |
|
|
|a SNBRB2006/05
|2 snkbucl
|
| 035 |
|
|
|a (uuid)44812b6f-4809-4aba-b408-0f600e74b93b
|
| 035 |
|
|
|a urn:nbn:sk:snk-abf4q7
|
| 035 |
|
|
|a (urnnbn)urn:nbn:sk:snk:ar-a09nuv
|
| 038 |
|
|
|a SNKBUCL
|
| 040 |
|
|
|a SNKBUCL
|b slo
|c SNKBUCL
|e AACR2
|
| 041 |
0 |
|
|a slo
|
| 044 |
|
|
|a xo
|c SK
|
| 080 |
|
|
|a 792.021.071.1
|2 1997
|
| 100 |
1 |
|
|a Ciller, Jozef,
|d 1942-
|4 aut
|9 110535
|
| 245 |
1 |
0 |
|a Vážený pán profesor! Milý Láďo!
|c Jozef Ciller
|
| 300 |
|
|
|b Fotogr.
|
| 600 |
1 |
7 |
|a Vychodil, Ladislav,
|d 1920-2005
|2 snkbucl
|9 109087
|
| 655 |
|
7 |
|a rozlúčkové prejavy
|2 snkbucl
|9 834124
|
| 773 |
0 |
|
|t Kritika & Kontext
|g Roč. X, č. 30 (2005), s. 34-35
|x 1335-1710
|
| 850 |
|
|
|a Slovenská národná knižnica
|
| 852 |
|
|
|a Slovenská národná knižnica
|
| 954 |
|
|
|a odborná, vedecká literatúra pôvodná (slovenská)
|2 lita
|
| 958 |
|
|
|a article2022
|
| 958 |
|
|
|a OND
|
| 958 |
|
|
|a EUIPO
|
| 999 |
|
|
|c 2931990
|d 2933920
|